Principles and applications of tribology (Record no. 2705)

000 -LEADER
fixed length control field 00535nam a22002054a 4500
001 - CONTROL NUMBER
control field 2705
003 - CONTROL NUMBER IDENTIFIER
control field BD-DhUET
008 - FIXED-LENGTH DATA ELEMENTS--GENERAL INFORMATION
fixed length control field 980908s1999 nyua 001 0 eng
020 ## - INTERNATIONAL STANDARD BOOK NUMBER
International Standard Book Number 0471594075
040 ## - CATALOGING SOURCE
Original cataloging agency DLC
Transcribing agency DLC
Modifying agency BD-DhUET
082 00 - DEWEY DECIMAL CLASSIFICATION NUMBER
Classification number 621.89
Item number BHU/1999
100 1# - MAIN ENTRY--PERSONAL NAME
Personal name Bhushan, Bharat,
245 10 - TITLE STATEMENT
Title Principles and applications of tribology
Statement of responsibility, etc. by Bharat Bhushan
250 ## - EDITION STATEMENT
Edition statement Ist ed.
260 ## - PUBLICATION, DISTRIBUTION, ETC. (IMPRINT)
Place of publication, distribution, etc. New York
Name of publisher, distributor, etc. John Wiley,
Date of publication, distribution, etc. 1999
300 ## - PHYSICAL DESCRIPTION
Extent xix, 1020 p.
504 ## - BIBLIOGRAPHY, ETC. NOTE
Bibliography, etc Includes bibliographies.
650 #0 - SUBJECT ADDED ENTRY--TOPICAL TERM
Topical term or geographic name as entry element Tribology.
942 ## - ADDED ENTRY ELEMENTS (KOHA)
Koha item type General Book
Holdings
Koha issues (times borrowed) Koha full call number Damaged status Price effective from Shelving location Date acquired Koha date last seen Source of classification or shelving scheme Sublocation or collection (holding branch) Not for loan Copy number Koha normalized classification for sorting Piece designation (barcode) Withdrawn status Koha item type Location (home branch) Lost status Koha date last borrowed
 621.89/BHU/1999 2014-09-29Circulation section2014-09-292014-09-29 Central Library, BUET 1621_000000000000000_89BHU199996879 General BookCentral Library, BUET  
 621.89/BHU/1999 2014-09-29Circulation section2014-09-292014-09-29 Central Library, BUET 2621_000000000000000_89BHU199997824 General BookCentral Library, BUET  
1621.89/BHU/1999 2015-04-26Circulation section2015-04-262023-01-09 Central Library, BUET 3621_890000000000000_BHU_199997823 General BookCentral Library, BUET 2022-12-21
 621.89/BHU/1999 2015-06-14Reading section2015-06-142015-06-14 Central Library, BUET 4621_890000000000000_BHU_199996878 Reading ItemCentral Library, BUET  
1621.89/BHU/1999 2017-11-04Circulation section2002-06-162023-01-24 Central Library, BUET 5621_890000000000000_BHU_199996880 General BookCentral Library, BUET 2023-01-09